Οσμανική πραγματικότητα : συστημική παρά-θεση δομών και λειτουργιών

Αποθηκεύτηκε σε:
Λεπτομέρειες βιβλιογραφικής εγγραφής
Κύριος συγγραφέας: Σαρρής, Νεοκλής
Μορφή: Βιβλίο
Γλώσσα:Greek
Δημοσίευση: Αθήνα : Ι. Δ. Αρμενίδης, [χ.ε.]
Θέματα:
Ετικέτες: Προσθήκη ετικέτας
Δεν υπάρχουν, Καταχωρήστε ετικέτα πρώτοι!

MARC

LEADER 00000cam a2200000 i 4500
001 1/92707
008 940302s0000 gre d
020 |a 960-253-002-2 
020 |a 960-253-003-0 
035 |l 10008574 
040 |a GR-MY-UA  |b gre  |e aacr 
041 0 |a gre 
082 0 |a 956.1 
100 1 |a Σαρρής, Νεοκλής. 
245 1 0 |a Οσμανική πραγματικότητα :   |b συστημική παρά-θεση δομών και λειτουργιών /   |c Νεοκλής Σαρρής.  
246 1 |a Το δεσποτικό κράτος.  
246 1 |a Η δοσιματική διοίκηση.  
260 |a Αθήνα :   |b Ι. Δ. Αρμενίδης,   |c [χ.ε.] 
300 |a 550 σ.  |b χάρτες 
500 |a τ.1: Το δεσποτικό κράτος. τ.2: Η δοσιματική διοίκηση 
650 0 0 |a State, The. 
650 0 0 |a Finance, Public  |z Turkey. 
650 0 0 |a Public administration  |z Turkey. 
651 0 |a Turkey  |x History. 
651 0 |a Turkey  |x Politics and government. 
651 0 |a Turkey  |x Social conditions. 
651 0 |a Turkey  |x Economic conditions. 
852 |a INST  |b LESVOS  |e 19940302  |h 956.1 ΣΑΡ  |p 005100005396  |q 005100005396  |t BK  |y 0  |z τ.1 
852 |a INST  |b LESVOS  |e 19940302  |h 956.1 ΣΑΡ  |p 005100005397  |q 005100005397  |t BK  |y 0  |z τ.2 
852 |a INST  |b LESVOS  |e 19940302  |h 956.1 ΣΑΡ  |p 005100005398  |q 005100005398  |t BK  |y 0  |z τ.2 
852 |a INST  |b LESVOS  |e 19940302  |h 956.1 ΣΑΡ  |p 005100005399  |q 005100005399  |t BK  |y 0  |z τ.1 
852 |a INST  |b LESVOS  |e 19940302  |h 956.1 ΣΑΡ  |p 005100005396  |q 005100005396  |t BK  |v τ.1:  |y 0  |z τ.1 
852 |a INST  |b LESVOS  |e 19940302  |h 956.1 ΣΑΡ  |p 005100005397  |q 005100005397  |t BK  |v τ.2:  |y 0  |z τ.2 
852 |a INST  |b LESVOS  |e 19940302  |h 956.1 ΣΑΡ  |p 005100005398  |q 005100005398  |t BK  |v τ.2:  |y 0  |z τ.2 
852 |a INST  |b LESVOS  |e 19940302  |h 956.1 ΣΑΡ  |p 005100005399  |q 005100005399  |t BK  |v τ.1:  |y 0  |z τ.1 
853 |a INST  |b LESVOS  |h 956.1 ΣΑΡ 
909 |a Λ  |b 019543 
909 |a Λ  |b 019545